| 000 | 01085 a2200361 4500 | ||
|---|---|---|---|
| 999 |
_c71320 _d19712 |
||
| 001 | 71320 | ||
| 003 | TR-AnTOB | ||
| 005 | 20230705001207.0 | ||
| 007 | ta | ||
| 008 | 080724s1982 tu 00100 tur | ||
| 040 |
_aTR-AnTOB _beng _cTR-AnTOB _erda |
||
| 041 | 0 | _atur | |
| 050 |
_aHC492 _b.T67 1982 |
||
| 090 |
_aHC492 _b.T67 1982 |
||
| 100 | 1 |
_aToprak, Zafer _4author _945623 |
|
| 245 | 1 | 0 |
_aTürkiye'de "milli iktisat" 1908-1918 / _cZafer Toprak. |
| 264 |
_aAnkara: _bYurt Yayınları, _c1982. |
||
| 300 |
_a464 s.: _btabl.; _c24 cm. |
||
| 336 |
_2rdacontent _atext |
||
| 337 |
_2rdamedia _aunmediated |
||
| 338 |
_2 rdacarrier _avolume |
||
| 490 | 0 |
_aYurt yayınları _aTürkiye araştırmaları dizisi; _v2. |
|
| 500 | _aBiliyografik referanslar içerir. | ||
| 500 | _aDizin var. | ||
| 504 | _aKaynakça: s. 427-454. | ||
| 590 |
_aSn. Celil Güngör tarafından _cbağışlanmıştır. |
||
| 651 | 0 |
_aTurkey _xEconomic conditions _980629 |
|
| 651 | 0 |
_aTürkiye _xEkonomik durum _980633 |
|
| 902 | _a0024541 | ||
| 903 | _aMerkez Kütüphane | ||
| 942 |
_cBK _2lcc |
||